Principios de una ciencia nueva en torno a la naturaleza común de las naciones

Uloženo v:
Podrobná bibliografie
Hlavní autor: Vico, Giambattista (Autor)
Médium: Kniha
Jazyk:španělština
Vydáno: Ciudad de México Fondo de Cultura Económica 1987
Edice:Colección Popular, 178
Témata:
Tagy: Přidat tag
Žádné tagy, Buďte první, kdo vytvoří štítek k tomuto záznamu!

MARC

LEADER 00000nam a2200000 a 4500
001 UCZ7200
003 CL-VaPUC
008 951228e19870000MX |||||||||||||||||spa|d
082 0 4 |a 901  |b VIC  |2 21 
100 0 |a Vico, Giambattista  |e author  |9 266513 
245 1 0 |a Principios de una ciencia nueva en torno a la naturaleza común de las naciones 
300 |a 303 p 
942 |c BK 
945 |d 19951228 00:00:00  |a rleighto 
260 |a Ciudad de México  |b Fondo de Cultura Económica  |c 1987 
650 0 |a Filosofía de la historia  |9 265651 
650 0 |a Filosofía de las ciencias  |9 256466 
583 |a last modification  |c 20170530 02:54:43  |k Rodrigo Vera 
490 0 |a Colección Popular, 178 
999 |c 243309  |d 243307 
952 |0 0  |1 0  |4 0  |6 901_000000000000000_VIC_1987  |7 0  |8 A  |9 256879  |a BIBEDU  |b BIBEDU  |d 2019-11-19  |i 3164616  |o 901 VIC 1987  |p 3164616  |r 2019-11-19  |w 2019-11-19  |y BK  |k FIL